[Event "35. Kieler Open 2023"]
[Site "Kiel"]
[Date "2023.08.04"]
[Round "9.19"]
[White "Henke, Jaron"]
[Black "Zimmermann, Manfred"]
[Result "1-0"]
[WhiteElo "1676"]
[BlackElo "1888"]
[PlyCount "123"]
[EventDate "2023.??.??"]

1. e4 e6 2. d4 d5 3. exd5 exd5 4. Nf3 Nf6 5. Bd3 Bg4 6. O-O Be7 7. Bg5 Nbd7 8.
Nbd2 O-O 9. Re1 Re8 10. c3 Nf8 11. Qc2 N6d7 12. Bxe7 Rxe7 13. Rxe7 Qxe7 14. Re1
Qf6 15. Qb3 Nb6 16. a4 a5 17. Ne5 Be6 18. Qb5 Qf4 19. Nb3 f6 20. g3 Qh6 21. Nf3
Bg4 22. Nh4 Qh5 23. Nc5 Bd7 24. Qb3 Re8 25. Rxe8 Qxe8 26. Bb5 Qc8 27. Ng2 c6
28. Bd3 Qc7 29. Nf4 Bc8 30. Qc2 g6 31. Qe2 Qd8 32. h4 Na8 33. h5 Kg7 34. Qe3
Nc7 35. Bf1 Qe8 36. hxg6 hxg6 37. Qxe8 Nxe8 38. f3 Nc7 39. Kf2 b6 40. Ncd3 Nce6
41. Nxe6+ Bxe6 42. b4 Bd7 43. bxa5 bxa5 44. Nc5 Kf7 45. Nb3 Ke7 46. Nxa5 Kd6
47. Nb3 Kc7 48. Ke3 Ne6 49. a5 Kb7 50. Bd3 Be8 51. Nc5+ Nxc5 52. dxc5 g5 53. f4
gxf4+ 54. Kxf4 Bd7 55. a6+ Ka7 56. Bf5 Be8 57. Bc8 Bg6 58. Bb7 Bd3 59. Bxc6
Kxa6 60. Bxd5 Kb5 61. c6 Kb6 62. Be4 1-0